Teatro griego (Record no. 128956)

MARC details
000 -LEADER
campo de control de longitud fija 00930nam a2200229 i 4500
001 - NÚMERO DE CONTROL
campo de control 128956
003 - IDENTIFICADOR DE NÚMERO DE CONTROL
campo de control ES-MaACL
005 - FECHA Y HORA DE LA ÚLTIMA TRANSACCIÓN
campo de control 20230906193413.0
007 - CAMPO FIJO DE DESCRIPCIÓN FÍSICA--INFORMACIÓN GENERAL
campo de control de longitud fija t|
008 - DATOS DE LONGITUD FIJA--INFORMACIÓN GENERAL
campo de control de longitud fija 070531s1962 sp ||||1| spa d
080 ## - NÚMERO DE LA CLASIFICACIÓN DECIMAL UNIVERSAL
Número de la Clasificación Decimal Universal 875-2(082)
245 00 - MENCIÓN DEL TÍTULO
Título Teatro griego
Resto del título : Esquilo, Sófocles, Eurípides, Aristófanes, Menandro /
Mención de responsabilidad, etc. tradujeron Fernando Segundo Brieva y Salvatierra, José Alemany Bolufer, Federico Baráibar y Zumárraga, Luis Nicolau D'Oliver y Víctor Martín, Andrés María del Carpio.
260 ## - PUBLICACIÓN, DISTRIBUCIÓN, ETC.
Lugar de publicación, distribución, etc. Madrid :
Nombre del editor, distribuidor, etc. [s.n.],
Fecha de publicación, distribución, etc. 1962 (
Fabricante Graf. Orbe)
300 ## - DESCRIPCIÓN FÍSICA
Extensión 2157 p. :
Otras características físicas il. ;
Dimensiones 18 cm.
700 1# - ENTRADA AGREGADA--NOMBRE PERSONAL
Nombre de persona Brieva y Salvatierra, Segundo.
9 (RLIN) 31713
700 1# - ENTRADA AGREGADA--NOMBRE PERSONAL
Nombre de persona Alemany y Bolufer, José.
9 (RLIN) 19738
700 1# - ENTRADA AGREGADA--NOMBRE PERSONAL
Nombre de persona Baráibar y Zumárraga, Federico.
9 (RLIN) 25291
700 1# - ENTRADA AGREGADA--NOMBRE PERSONAL
Nombre de persona Nicolau d'Olwer, Luis.
9 (RLIN) 85588
700 1# - ENTRADA AGREGADA--NOMBRE PERSONAL
Nombre de persona Martín, Víctor.
9 (RLIN) 77375
700 1# - ENTRADA AGREGADA--NOMBRE PERSONAL
Nombre de persona Carpio, Andrés María del.
9 (RLIN) 35454
852 ## - LOCALIZACIÓN
Ubicación ES-MaACL
Número de control de estantería C-22424
Sublocalización o colección R.51112
Holdings
Estatus retirado Estado de pérdida Estado de daño No para préstamo Biblioteca de origen Biblioteca actual Ubicación en estantería Fecha de adquisición Fuente de adquisición Total de préstamos Signatura topográfica completa Código de barras Visto por última vez Precio de reemplazo Tipo de ítem Koha
        Biblioteca del Ateneo de Madrid Biblioteca del Ateneo de Madrid Galería 17/01/2008     C-22424 1134297 23/02/2023 23/02/2023 Libro impreso